<?xml version="1.0" encoding="UTF-8"?><?xml-stylesheet type="text/xsl" href="static/style.xsl"?><OAI-PMH xmlns="http://www.openarchives.org/OAI/2.0/" xmlns:xsi="http://www.w3.org/2001/XMLSchema-instance" xsi:schemaLocation="http://www.openarchives.org/OAI/2.0/ http://www.openarchives.org/OAI/2.0/OAI-PMH.xsd"><responseDate>2026-04-13T01:06:08Z</responseDate><request verb="GetRecord" identifier="oai:www.recercat.cat:2072/480120" metadataPrefix="marc">https://recercat.cat/oai/request</request><GetRecord><record><header><identifier>oai:recercat.cat:2072/480120</identifier><datestamp>2025-10-03T19:41:53Z</datestamp><setSpec>com_2072_98</setSpec><setSpec>col_2072_378196</setSpec></header><metadata><record xmlns="http://www.loc.gov/MARC21/slim" xmlns:dcterms="http://purl.org/dc/terms/" xmlns:xsi="http://www.w3.org/2001/XMLSchema-instance" xmlns:doc="http://www.lyncode.com/xoai" xsi:schemaLocation="http://www.loc.gov/MARC21/slim http://www.loc.gov/standards/marcxml/schema/MARC21slim.xsd">
   <leader>00925njm 22002777a 4500</leader>
   <datafield ind2=" " ind1=" " tag="042">
      <subfield code="a">dc</subfield>
   </datafield>
   <datafield ind2=" " ind1=" " tag="720">
      <subfield code="a">Hervás Sánchez, Alicia</subfield>
      <subfield code="e">author</subfield>
   </datafield>
   <datafield ind2=" " ind1=" " tag="720">
      <subfield code="a">Universitat Autònoma de Barcelona. Facultat de Traducció i d'Interpretació</subfield>
      <subfield code="e">author</subfield>
   </datafield>
   <datafield ind2=" " ind1=" " tag="260">
      <subfield code="c">2022</subfield>
   </datafield>
   <datafield ind2=" " ind1=" " tag="520">
      <subfield code="a">Aquest treball de recerca pretén estudiar el potencial de les xarxes socials com a eines per a l'activisme històric feminista a través de l'estudi comparatiu dels casos de les polítiques represaliades de la Guerra Civil Espanyola (1936-1939) i la Guerra d'Àsia-Pacífic (1931-1945). Per comprendre el perquè de la diferència de repercussió dels dos moviments per la memòria</subfield>
   </datafield>
   <datafield ind2=" " ind1=" " tag="520">
      <subfield code="a">Este trabajo de investigación pretende estudiar el potencial de las redes sociales como herramientas para el activismo histórico feminista a través del estudio comparativo de los casos de las represaliadas políticas de la Guerra Civil Española (1936-1939) y la Guerra de Asia-Pacífico (1931-1945). Para comprender el porqué de la diferencia de repercusión de ambos movimientos por la memoria en el siglo XXI, el trabajo se dividirá en tres secciones, dedicadas respectivamente a la revisión teórica de las nociones de violencia, guerra y género, y sus interrelaciones; la contextualización histórica de los conflictos presentados, la violencia de género que las mujeres sufrieron en sus marcos, y el posterior tratamiento que los gobiernos de España y Japón han dado a la situación de las víctimas desde su democratización; y, para finalizar, el papel de los agentes no gubernamentales como actores de reconciliación en el siglo XXI y su uso de las redes sociales Twitter e Instagram.</subfield>
   </datafield>
   <datafield ind2=" " ind1=" " tag="520">
      <subfield code="a">This research work aims to study the potential of social networks as tools for historical feminist activism through the comparative study of the cases of the political reprisals of the Spanish Civil War (1936-1939) and the Asia-Pacific War (1931-1945). In order to understand the reason for the difference in impact of both movements for memory in the 21st century, the work will be divided into three sections, dedicated respectively to the theoretical review of the notions of violence, war and gender, and their interrelationships; the historical contextualization of the conflicts presented, the gender violence that women suffered in their frameworks, and the subsequent treatment that the governments of Spain and Japan have given to the situation of the victims since their democratization; and, finally, the role of non-governmental agents as reconciliation actors in the 21st century and their use of the social networks Twitter and Instagram.</subfield>
   </datafield>
   <datafield tag="653" ind2=" " ind1=" ">
      <subfield code="a">Memòria històrica</subfield>
   </datafield>
   <datafield tag="653" ind2=" " ind1=" ">
      <subfield code="a">Feminisme</subfield>
   </datafield>
   <datafield tag="653" ind2=" " ind1=" ">
      <subfield code="a">Xarxes Socials</subfield>
   </datafield>
   <datafield tag="653" ind2=" " ind1=" ">
      <subfield code="a">Guerra Civil Espanyola</subfield>
   </datafield>
   <datafield tag="653" ind2=" " ind1=" ">
      <subfield code="a">Comfort Women</subfield>
   </datafield>
   <datafield tag="653" ind2=" " ind1=" ">
      <subfield code="a">Historical memory</subfield>
   </datafield>
   <datafield tag="653" ind2=" " ind1=" ">
      <subfield code="a">Feminism</subfield>
   </datafield>
   <datafield tag="653" ind2=" " ind1=" ">
      <subfield code="a">Social Networks</subfield>
   </datafield>
   <datafield tag="653" ind2=" " ind1=" ">
      <subfield code="a">Spanish Civil War</subfield>
   </datafield>
   <datafield ind2="0" ind1="0" tag="245">
      <subfield code="a">Xarxes socials com a agents de canvi en l'activisme històric feminista : Estudi comparatiu de l'activisme per la memòria de les dones víctimes de violència de gènere durant la Guerra Civil Espanyola (1936-1939) i la Guerra d'Àsia Pacífic (1931-1945)</subfield>
   </datafield>
</record></metadata></record></GetRecord></OAI-PMH>